Lana Del Rey Lyrics with No Hints (5) - Statistics

General Stats
  • This quiz has been taken 3,094 times
  • The average score is 138 of 312
Answer Stats
Lyrics % Correct
I
98%
a
93%
A
93%
you
92%
the
87%
The
87%
love
83%
we
80%
We
80%
to
77%
is
72%
and
70%
And
70%
when
69%
go
67%
in
67%
it
66%
hi
65%
my
65%
on
65%
what
64%
she
62%
us
62%
Don't
61%
don't
61%
for
59%
*chorus*
57%
of
57%
they
57%
They
57%
This
57%
all
56%
make
56%
that
56%
her
54%
I'm
53%
were
52%
we're
52%
girls
50%
how
48%
makes
48%
was
48%
it's
47%
It's
47%
know
46%
Blue
45%
cry
44%
had
44%
night?
44%
night
44%
up
44%
die
43%
ever
42%
look
42%
down
41%
"get
41%
get
41%
out
41%
said
41%
There
41%
too
41%
cause
40%
our
40%
with
40%
about
39%
first
39%
him
39%
life
39%
never
39%
put
39%
best
37%
heaven
37%
eyes
36%
hate
36%
friend
35%
got
35%
used
35%
as
34%
party
34%
at
33%
black
33%
real
33%
High
32%
Remember
32%
Sweet
32%
those
32%
back
31%
guys
31%
guys"
31%
little
30%
gonna
29%
happen
29%
"Lana
29%
new
29%
sixteen
29%
Something
29%
something?
29%
together
29%
alive
28%
drinking
28%
Drinking
28%
we'd
28%
Bambi
27%
from
27%
only
27%
running
27%
Running
27%
stick
27%
while
27%
cherry
26%
curse
26%
hand
26%
hot
26%
hot"
26%
mascara
26%
take
26%
taste
26%
arrived
25%
bad
25%
end
25%
mean
25%
much
25%
beauty
24%
(Come
24%
fun
24%
into
24%
knew
24%
Oh
24%
hair
23%
looking
23%
whistle
23%
friends
22%
ice)
22%
that's
22%
wind
22%
boss
21%
coming
21%
dancing
21%
Ribbon
21%
starts
21%
Teachers
21%
away
20%
Crying
20%
heels
20%
job
20%
seen
20%
senior
20%
Sneaking
20%
town
20%
beginning
19%
cops
19%
school
19%
small
19%
trouble
19%
velvet
19%
walking
19%
begun
18%
bikini
18%
cars
18%
Everybody
18%
local
18%
screaming
18%
skipping
18%
streets
18%
tops
18%
train
18%
break
17%
stuff
17%
generation
16%
police
16%
prettiest
16%
queens
16%
sent
16%
shot)
16%
Stealing
16%
swaying
16%
hotel
15%
platform
15%
schnapps
15%
table
15%
Yeah
15%
degenerate
14%
dive
14%
firelight
14%
pink
14%
freshman
13%
ribbons
13%
swim
13%
waving
13%
Baby's
12%
gleamed
12%
(Pabst
12%
spotlight
12%
Cheering
10%
names
10%
in-crowd
8%
glimmering
7%
No matching quizzes found
Score Distribution
Percent of People with Each Score
Percentile by Number Answered
Your Score History
You have not taken this quiz